| 000 | 00499nam a22001217a 4500 | ||
|---|---|---|---|
| 082 | _a669.2934 PLU'K | ||
| 100 |
_aKAY, A. E,WALDRON, M. B _980206 |
||
| 245 | _aPLUTONIUM 1965 PROCEEDINGS OF TQE THIRD INTERNATIONAL CONFERENCE ON PLUTONIUM LONDON 1965 | ||
| 260 |
_aLONDON _bCHAPMAN & HALL _c1967 |
||
| 300 | _a1114P | ||
| 650 |
_aTRANSFORMATION STUDIES PHYSICAL PROPELLANT ALLOY SYSTEMS MECHANICAL PROPERTIES CORROSION ON CERAMICS FUELS CERAMIC PHASE STUDIES IREDATION BEHAVIOUR _980207 |
||
| 942 | _cBK | ||
| 999 |
_c585169 _d585169 |
||